000 01157cam a22003254a 4500
999 _c36350
_d36350
001 16315780
005 20190503141320.0
008 100706s2010 enka bd 000 0 eng
010 _a 2010292403
020 _a9780199557141
040 _aDLC
_cDLC
_dDLC
050 0 0 _aR121
_b.C676 2010
082 0 0 _a61(038) M-46
_222
245 0 0 _aConcise medical dictionary /
_c[editor, Elizabeth A. Martin].
246 3 0 _aMedical dictionary
246 1 4 _aOxford concise medical dictionary
250 _a8th ed.
260 _aOxford ;
_aNew York :
_bOxford University Press,
_c2010.
300 _a832 p. :
_bill. ;
_c20 cm.
490 0 _aOxford paperback reference
504 _aIncludes bibliographical references.
650 0 _aMedicine
_vDictionaries.
_9674
653 _aმედიცინა
653 _aსამედიცინო ლექსიკონი
700 1 _aMartin, E. A.
_q(Elizabeth A.)
_9675
710 2 _aOxford University Press.
_9676
906 _a7
_bcbc
_corignew
_d2
_encip
_f20
_gy-gencatlg
942 _2udc
_cBK
955 _axh57 2010-07-06
_ixh57 2010-07-06 to Dewey
_aBarcode 00240400674 returned from bindery 2010-08-10